PropertyWire (Record no. 120982)

MARC details
000 -LEADER
fixed length control field 00807cai a22001815a 4500
001 - CONTROL NUMBER
control field L156425
008 - FIXED-LENGTH DATA ELEMENTS--GENERAL INFORMATION
fixed length control field 120521c2012 xxk g 000 0 eng d
035 ## - SYSTEM CONTROL NUMBER
System control number (Sirsi) u156425
041 0# - LANGUAGE CODE
Language code of text/sound track or separate title eng
110 2# - MAIN ENTRY--CORPORATE NAME
Corporate name or jurisdiction name as entry element PropertyWire
9 (RLIN) 6077
245 00 - TITLE STATEMENT
Title PropertyWire
Medium [electronic resource]
520 ## - SUMMARY, ETC.
Summary, etc. PropertyWire is a comprehensive portal providing global retail and commercial property news. Offers company and financial news, and hot topic filters covering a wide range of property subjects. Provides free access to a wide range of commercial guides and a free sign-up to "Property Wire Confidential" digital magazine.
590 ## - LOCAL NOTE (RLIN)
Local note KA
651 #4 - SUBJECT ADDED ENTRY--GEOGRAPHIC NAME
Geographic name International
690 ## - LOCAL SUBJECT ADDED ENTRY--TOPICAL TERM (OCLC, RLIN)
Topical term or geographic name as entry element Commercial property
9 (RLIN) 6227
856 40 - ELECTRONIC LOCATION AND ACCESS
Uniform Resource Identifier <a href="https://www.propertywire.com/">https://www.propertywire.com/</a>
Public note View the web portal at www.propertywire.com
942 ## - ADDED ENTRY ELEMENTS (KOHA)
Suppress in OPAC 0
Holdings
Withdrawn status Lost status Source of classification or shelving scheme Damaged status Not for loan Home library Current library Shelving location Date acquired Total Checkouts Full call number Barcode Date last seen Copy number Price effective from Koha item type
    Dewey Decimal Classification     Virtual Virtual Online 21/05/2012   ONLINE PUBLICATION 156425-2001 06/08/2019 1 06/08/2019 Online material